Online
Catalog

Problemas y perspectivas de la novela americana / (Record no. 2926)

MARC details
000 -CABECERA
campo de control de longitud fija 00500cam a2200157 a 4500
001 - NÚMERO DE CONTROL
campo de control 000003095
005 - FECHA Y HORA DE LA ÚLTIMA TRANSACCIÓN
campo de control 20200929150328.0
008 - DATOS DE LONGITUD FIJA--INFORMACIÓN GENERAL
campo de control de longitud fija 760415s1964 ck b 001 f spa
040 ## - FUENTE DE LA CATALOGACIÓN
Centro catalogador/agencia de origen DO-SdBNP
Lengua de catalogación spa
Centro/agencia transcriptor BNPHU
082 ## - NÚMERO DE LA CLASIFICACIÓN DECIMAL DEWEY
Número de clasificación 868.998304
Número de documento/Ítem O83p
100 1# - ENTRADA PRINCIPAL--NOMBRE DE PERSONA
Nombre de persona Ospina, Uriel,
Fechas asociadas al nombre 1925-
9 (RLIN) 9767
245 10 - MENCIÓN DE TÍTULO
Título Problemas y perspectivas de la novela americana /
Mención de responsabilidad, etc. Uriel Ospina.
260 ## - PUBLICACIÓN, DISTRIBUCIÓN, ETC.
Lugar de publicación, distribución, etc. Bogotá :
Nombre del editor, distribuidor, etc. Tercer Mundo,
Fecha de publicación, distribución, etc. 1964.
300 ## - DESCRIPCIÓN FÍSICA
Extensión 233 p. ;
Dimensiones 21 cm.
650 #4 - PUNTO DE ACCESO ADICIONAL DE MATERIA--TÉRMINO DE MATERIA
Término de materia o nombre geográfico como elemento de entrada Novela hispanoamericana
Subdivisión general Historia y crítica
9 (RLIN) 9768
Holdings
Estado de retiro Estado de pérdida Restricciones de uso No para préstamo Código de colección Localización permanente Ubicación/localización actual Ubicación en estantería Fecha de adquisición Número de inventario Total de préstamos Signatura topográfica completa Código de barras Fecha visto por última vez Precio válido a partir de Tipo de ítem Koha
    Préstamo interno   Monografías: Libros y Folletos General General Depósito 06.07.2009 LF1   868.998304 O83p 3095-10 25.06.2020 25.06.2020 Préstamo interno

Powered by Koha